Datum a čas kvízu

30.5 Celkem bodů Celkový počet nahraných bodů na tomto kvízu bez doplňovacích otázek.
4. Pořadí na kvízu Konečné umístění týmu na tomto kvízu.

Zaznamenané odpovědi

# Otázka Odpověď Body Výsledky
1. Poslankyně Alena Schillerová z... TikTok 1
2. Ve které zemi zrušil minulý tý... v Rumunsku 1
3. Herečtí parťáci známí napříkla... Eddie Murphy, Martin Lawrence 0
4. Dosavadním rozvážkovým službám... Česká pošta, COOP 1
5. Který fotbalový brankář dostal... Manuel Neuer 1
6. Téma o nejpoužívanějších aplik... Bolt 0
7. V roce 2024 použilo alespoň je... WhatsApp 0
8. Ve které aplikaci najdeme tako... Waze 1
9. Ve které z těchto zemí jako v... C 0
10. Tento Evropan má kratičké příj... Spotify 0